[Event "PMPJ 2022 - C15"]
[Site "Jastrzebia Gora"]
[Date "2022.11.12"]
[Round "7.6"]
[White "Trochimczuk, Szymon"]
[Black "Trzebinski, Patryk"]
[Result "0-1"]
[BlackElo "1800"]
[WhiteElo "1630"]
[LiveChessVersion "1.4.4"]

1. d4 {[%clk 1:30:59]} Nf6 {[%clk 1:27:40]} 2. Nf3 {[%clk 1:31:22]} c5
{[%clk 1:26:44]} 3. d5 {[%clk 1:31:47]} e6 {[%clk 1:27:04]} 4. c4
{[%clk 1:31:57]} b5 {[%clk 1:27:05]} 5. Bg5 {[%clk 1:28:47]} d6 {[%clk 1:02:56]}
6. e4 {[%clk 1:24:05]} Be7 {[%clk 1:02:32]} 7. Nbd2 {[%clk 1:21:24]} bxc4
{[%clk 0:58:06]} 8. Bxc4 {[%clk 1:17:21]} Nxd5 {[%clk 0:56:11]} 9. Bxd5
{[%clk 1:14:15]} exd5 {[%clk 0:56:13]} 10. Bxe7 {[%clk 1:14:18]} Qxe7
{[%clk 0:56:38]} 11. O-O {[%clk 1:14:24]} d4 {[%clk 0:55:07]} 12. b4
{[%clk 1:14:24]} O-O {[%clk 0:54:14]} 13. Re1 {[%clk 1:10:27]} Nc6
{[%clk 0:51:16]} 14. e5 {[%clk 0:59:26]} Nxb4 {[%clk 0:47:50]} 15. exd6
{[%clk 0:56:49]} Qxd6 {[%clk 0:48:12]} 16. Ne4 {[%clk 0:56:58]} Qb6
{[%clk 0:47:28]} 17. Rb1 {[%clk 0:55:12]} Bf5 {[%clk 0:45:29]} 18. a3
{[%clk 0:49:38]} Bxe4 {[%clk 0:45:41]} 19. Rxe4 {[%clk 0:47:50]} Qc6
{[%clk 0:45:42]} 20. Rh4 {[%clk 0:44:10]} Nd5 {[%clk 0:43:57]} 21. Qc2
{[%clk 0:43:52]} Qg6 {[%clk 0:44:11]} 22. Qb3 {[%clk 0:41:07]} Nc3
{[%clk 0:43:45]} 23. Re1 {[%clk 0:40:41]} Rab8 {[%clk 0:43:44]} 24. Qc4
{[%clk 0:40:43]} Rb1 {[%clk 0:44:02]} 25. Qxc5 {[%clk 0:39:53]} Rxe1+
{[%clk 0:43:39]} 26. Nxe1 {[%clk 0:40:21]} Re8 {[%clk 0:43:34]} 27. h3
{[%clk 0:40:01]} Rxe1+ {[%clk 0:43:40]} 28. Kh2 {[%clk 0:40:28]} h6
{[%clk 0:43:27]} 29. Qxd4 {[%clk 0:39:53]} Ne2 {[%clk 0:43:10]} 30. Qd8+
{[%clk 0:38:13]} Kh7 {[%clk 0:43:32]} 0-1

[Event "PMPJ 2022 - C15"]
[Site "Jastrzebia Gora"]
[Date "2022.11.12"]
[Round "7.7"]
[White "Wierzbicki, Dawid"]
[Black "Nowak, Maciej"]
[Result "1-0"]
[BlackElo "1389"]
[WhiteElo "1732"]
[LiveChessVersion "1.4.4"]

1. c4 {[%clk 1:30:47]} e6 {[%clk 1:30:27]} 2. e3 {[%clk 1:30:39]} Nf6
{[%clk 1:30:44]} 3. Nf3 {[%clk 1:30:10]} d5 {[%clk 1:30:48]} 4. cxd5
{[%clk 1:30:10]} exd5 {[%clk 1:30:09]} 5. b3 {[%clk 1:30:08]} Bd6
{[%clk 1:28:03]} 6. Bb2 {[%clk 1:30:01]} O-O {[%clk 1:28:08]} 7. Be2
{[%clk 1:29:40]} c6 8. O-O {[%clk 1:29:20]} Bf5 {[%clk 1:26:11]} 9. d3
{[%clk 1:28:58]} Re8 {[%clk 1:25:25]} 10. Nbd2 {[%clk 1:27:36]} Bg6
{[%clk 1:22:50]} 11. Rc1 {[%clk 1:24:48]} Nbd7 {[%clk 1:19:33]} 12. Qc2
{[%clk 1:21:08]} Ne5 {[%clk 1:13:07]} 13. Rfd1 {[%clk 1:13:27]} Qc7
{[%clk 1:08:18]} 14. Qb1 {[%clk 1:09:56]} Rad8 {[%clk 1:01:03]} 15. b4
{[%clk 1:05:46]} Qb6 {[%clk 0:50:52]} 16. a3 {[%clk 1:02:19]} Rc8
{[%clk 0:43:06]} 17. Bd4 {[%clk 0:52:46]} Qd8 {[%clk 0:38:52]} 18. Qb3
{[%clk 0:45:29]} Nxf3+ {[%clk 0:32:10]} 19. Nxf3 {[%clk 0:45:10]} Bb8
{[%clk 0:29:38]} 20. b5 {[%clk 0:39:21]} cxb5 {[%clk 0:27:44]} 21. Qxb5
{[%clk 0:38:47]} Qd7 {[%clk 0:27:09]} 22. Qb2 {[%clk 0:35:04]} Qe7
{[%clk 0:24:03]} 23. Rc3 {[%clk 0:29:59]} b6 {[%clk 0:17:38]} 24. Rdc1
{[%clk 0:28:15]} Rxc3 {[%clk 0:15:24]} 25. Qxc3 {[%clk 0:28:24]} Rd8
{[%clk 0:14:01]} 26. a4 {[%clk 0:22:58]} Rd7 {[%clk 0:11:50]} 27. Be5
{[%clk 0:18:19]} Rd8 {[%clk 0:08:11]} 28. Bxb8 {[%clk 0:17:25]} Rxb8
{[%clk 0:08:06]} 29. Ne5 {[%clk 0:17:11]} Re8 {[%clk 0:06:30]} 30. f4
{[%clk 0:16:45]} h6 {[%clk 0:04:47]} 31. Bf3 {[%clk 0:15:56]} Bf5
{[%clk 0:02:38]} 32. Qc7 {[%clk 0:13:16]} Be6 {[%clk 0:02:01]} 33. Qxe7
{[%clk 0:10:58]} Rxe7 {[%clk 0:02:14]} 34. Kf2 {[%clk 0:11:19]} g6
{[%clk 0:01:33]} 35. g4 {[%clk 0:10:32]} Ne8 {[%clk 0:00:40]} 36. e4
{[%clk 0:08:18]} dxe4 {[%clk 0:00:37]} 37. dxe4 {[%clk 0:08:05]} Nd6
{[%clk 0:00:38]} 38. Rd1 {[%clk 0:07:04]} Ne8 {[%clk 0:00:35]} 39. Rd8
{[%clk 0:06:51]} Kg7 {[%clk 0:00:39]} 40. f5 {[%clk 0:05:31]} gxf5
{[%clk 0:00:40]} 41. gxf5 {[%clk 0:05:55]} Bb3 {[%clk 0:00:36]} 42. Nc6
{[%clk 0:04:40]} Rc7 {[%clk 0:00:47]} 43. e5 {[%clk 0:04:58]} Bxa4
{[%clk 0:00:47]} 44. f6+ {[%clk 0:04:18]} Kg6 {[%clk 0:00:52]} 45. Ne7+
{[%clk 0:04:17]} Kh7 {[%clk 0:00:36]} 46. Be4+ {[%clk 0:04:20]} Kh8
{[%clk 0:00:52]} 47. e6 {[%clk 0:03:39]} fxe6 {[%clk 0:00:54]} 48. Bg6
{[%clk 0:04:00]} 1-0

[Event "PMPJ 2022 - C15"]
[Site "Jastrzebia Gora"]
[Date "2022.11.12"]
[Round "7.8"]
[White "Latacz, Grzegorz"]
[Black "Jankowski, Franciszek"]
[Result "1-0"]
[BlackElo "1500"]
[WhiteElo "1645"]
[LiveChessVersion "1.4.4"]

1. d4 {[%clk 1:30:59]} Nf6 {[%clk 1:30:21]} 2. c4 {[%clk 1:31:25]} e6
{[%clk 1:30:45]} 3. Nf3 {[%clk 1:31:36]} b6 {[%clk 1:31:03]} 4. a3
{[%clk 1:32:03]} Bb7 {[%clk 1:29:57]} 5. e3 {[%clk 1:31:11]} d5 {[%clk 1:24:51]}
6. cxd5 {[%clk 1:29:47]} exd5 {[%clk 1:25:09]} 7. Nc3 {[%clk 1:27:36]} Nbd7
{[%clk 1:22:56]} 8. Bd3 {[%clk 1:25:30]} Bd6 {[%clk 1:21:40]} 9. O-O
{[%clk 1:23:11]} O-O {[%clk 1:21:33]} 10. Qc2 {[%clk 1:16:55]} a6
{[%clk 1:17:25]} 11. Re1 {[%clk 1:09:19]} Re8 {[%clk 1:14:24]} 12. Nd2
{[%clk 1:00:48]} c5 {[%clk 1:09:08]} 13. Nf3 {[%clk 0:59:29]} c4 {[%clk 1:05:54]}
14. Bf1 {[%clk 0:57:56]} b5 {[%clk 1:02:49]} 15. Bd2 {[%clk 0:57:11]} Qb6
{[%clk 0:58:38]} 16. b3 {[%clk 0:47:02]} Ne4 {[%clk 0:55:02]} 17. Nxe4
{[%clk 0:41:19]} dxe4 {[%clk 0:43:18]} 18. Nh4 {[%clk 0:35:36]} cxb3
{[%clk 0:36:09]} 19. Qxb3 {[%clk 0:35:26]} g6 {[%clk 0:33:03]} 20. g3
{[%clk 0:32:34]} Nf6 {[%clk 0:32:20]} 21. Reb1 {[%clk 0:28:45]} Bd5
{[%clk 0:31:09]} 22. Qb2 {[%clk 0:28:01]} Rab8 {[%clk 0:28:55]} 23. Ng2
{[%clk 0:25:58]} Rec8 {[%clk 0:17:57]} 24. Bb4 {[%clk 0:19:45]} Rc7
{[%clk 0:15:36]} 25. Bxd6 {[%clk 0:16:59]} Qxd6 {[%clk 0:15:58]} 26. Nf4
{[%clk 0:15:43]} Bc6 {[%clk 0:13:18]} 27. h4 {[%clk 0:10:29]} h5 {[%clk 0:12:17]}
28. Qb4 {[%clk 0:08:28]} Qd7 {[%clk 0:10:12]} 29. Qa5 {[%clk 0:05:28]} Rcb7
{[%clk 0:04:01]} 30. Rc1 {[%clk 0:03:45]} Nd5 {[%clk 0:03:07]} 31. Nxd5
{[%clk 0:01:51]} Bxd5 {[%clk 0:02:21]} 32. Qxa6 {[%clk 0:00:49]} Ra7
{[%clk 0:02:17]} 33. Qf6 {[%clk 0:01:16]} Rba8 {[%clk 0:02:06]} 34. Rab1
{[%clk 0:00:33]} Bc4 {[%clk 0:01:30]} 35. Bxc4 {[%clk 0:00:38]} bxc4
{[%clk 0:01:55]} 36. Rxc4 {[%clk 0:00:48]} Rxa3 {[%clk 0:02:06]} 37. Rbc1
{[%clk 0:00:57]} Ra1 {[%clk 0:01:37]} 38. Qc6 {[%clk 0:00:46]} Qf5
{[%clk 0:01:07]} 39. Rxa1 {[%clk 0:00:38]} Rxa1+ {[%clk 0:01:33]} 40. Rc1
{[%clk 0:00:53]} Ra2 {[%clk 0:00:37]} 41. Qc8+ {[%clk 0:01:16]} Qxc8
{[%clk 0:00:54]} 42. Rxc8+ {[%clk 0:01:43]} Kg7 {[%clk 0:01:10]} 43. Re8
{[%clk 0:01:43]} f5 {[%clk 0:01:36]} 44. Kg2 {[%clk 0:01:38]} Kf7
{[%clk 0:01:24]} 45. Rb8 {[%clk 0:02:03]} Rd2 {[%clk 0:01:08]} 46. Ra8
{[%clk 0:01:53]} Ke6 {[%clk 0:00:43]} 47. Ra6+ {[%clk 0:02:14]} Kf7
{[%clk 0:01:08]} 48. Kf1 {[%clk 0:02:36]} Rb2 {[%clk 0:00:44]} 49. Rc6
{[%clk 0:02:27]} Ra2 {[%clk 0:00:40]} 50. Ke1 {[%clk 0:02:35]} Rb2
{[%clk 0:00:55]} 51. Rc1 {[%clk 0:02:04]} Ke6 {[%clk 0:00:58]} 52. Rd1
{[%clk 0:01:26]} Kd5 {[%clk 0:00:48]} 53. Rd2 {[%clk 0:01:09]} Rb6
{[%clk 0:00:43]} 54. Rc2 {[%clk 0:01:26]} Rb3 {[%clk 0:00:44]} 55. Ke2
{[%clk 0:01:38]} Ra3 {[%clk 0:00:52]} 56. Rc5+ {[%clk 0:01:48]} Ke6
{[%clk 0:01:15]} 57. Rc6+ {[%clk 0:01:42]} Kf7 {[%clk 0:01:39]} 58. Rc2
{[%clk 0:01:35]} Rb3 {[%clk 0:01:51]} 59. f3 {[%clk 0:01:25]} exf3+
{[%clk 0:02:09]} 60. Kxf3 {[%clk 0:01:44]} Rb6 {[%clk 0:01:26]} 61. Kf4
{[%clk 0:01:40]} Kf6 {[%clk 0:01:28]} 62. e4 {[%clk 0:00:52]} fxe4
{[%clk 0:01:36]} 63. Kxe4 {[%clk 0:01:13]} Ke6 {[%clk 0:00:46]} 64. d5+
{[%clk 0:01:05]} Ke7 {[%clk 0:00:41]} 65. Rc7+ {[%clk 0:01:03]} Kf8
{[%clk 0:00:37]} 66. Rc3 {[%clk 0:00:33]} Ke7 {[%clk 0:00:36]} 67. Ke5 Rb1
{[%clk 0:00:36]} 68. Rc7+ {[%clk 0:00:59]} Kd8 {[%clk 0:00:32]} 69. Rg7
{[%clk 0:01:16]} Rb6 {[%clk 0:00:41]} 70. d6 {[%clk 0:01:27]} Rb1
{[%clk 0:00:34]} 71. Rxg6 {[%clk 0:01:33]} Re1+ {[%clk 0:00:54]} 72. Kf6
{[%clk 0:01:37]} Re3 {[%clk 0:00:41]} 73. Kg7 {[%clk 0:01:41]} Kd7
{[%clk 0:00:36]} 74. Kh6 {[%clk 0:01:48]} Re5 {[%clk 0:00:35]} 75. Rg5
{[%clk 0:01:57]} Re1 {[%clk 0:00:32]} 76. Kxh5 {[%clk 0:02:05]} Kxd6
{[%clk 0:00:57]} 77. g4 {[%clk 0:02:13]} Ke7 {[%clk 0:01:09]} 78. Rf5
{[%clk 0:02:28]} Ke6 {[%clk 0:00:48]} 79. Kg5 {[%clk 0:02:40]} Ra1
{[%clk 0:00:55]} 80. h5 {[%clk 0:02:36]} Ra7 {[%clk 0:00:42]} 81. Rf6+
{[%clk 0:02:37]} Ke7 {[%clk 0:00:42]} 82. Kg6 {[%clk 0:02:46]} Ra8
{[%clk 0:00:36]} 83. Rf7+ {[%clk 0:02:45]} Ke8 {[%clk 0:00:38]} 84. g5
{[%clk 0:02:50]} Ra6+ {[%clk 0:00:38]} 85. Rf6 {[%clk 0:03:15]} Ra8
{[%clk 0:00:34]} 86. h6 {[%clk 0:03:27]} Ra1 {[%clk 0:00:33]} 87. h7
{[%clk 0:03:32]} Rh1 {[%clk 0:00:40]} 88. Kg7 {[%clk 0:03:57]} Ke7
{[%clk 0:00:34]} 89. h8=Q {[%clk 0:04:14]} 1-0

[Event "PMPJ 2022 - C15"]
[Site "Jastrzebia Gora"]
[Date "2022.11.12"]
[Round "7.9"]
[White "Krol, Jan"]
[Black "Bajer, Tomasz"]
[Result "1/2-1/2"]
[BlackElo "1409"]
[WhiteElo "1804"]
[LiveChessVersion "1.4.4"]

1. e4 {[%clk 1:30:58]} Nf6 {[%clk 1:30:57]} 2. e5 {[%clk 1:29:48]} Nd5
{[%clk 1:31:22]} 3. d4 {[%clk 1:29:34]} d6 {[%clk 1:31:48]} 4. c4
{[%clk 1:29:27]} Nb6 {[%clk 1:32:13]} 5. exd6 {[%clk 1:28:03]} exd6
{[%clk 1:32:37]} 6. Be3 {[%clk 1:27:46]} Be7 {[%clk 1:32:58]} 7. Be2
{[%clk 1:26:52]} O-O {[%clk 1:32:55]} 8. Nf3 {[%clk 1:25:23]} Bg4
{[%clk 1:32:26]} 9. Nc3 {[%clk 1:24:25]} Nc6 {[%clk 1:31:46]} 10. b3
{[%clk 1:24:02]} Bf6 {[%clk 1:30:22]} 11. Rc1 {[%clk 1:22:22]} d5
{[%clk 1:28:34]} 12. c5 {[%clk 1:22:00]} Nc8 {[%clk 1:27:25]} 13. h3
{[%clk 1:20:39]} Bf5 {[%clk 1:21:47]} 14. Bb5 {[%clk 1:16:18]} N8e7
{[%clk 1:15:56]} 15. Bd3 {[%clk 0:59:31]} Re8 {[%clk 1:03:36]} 16. O-O
{[%clk 0:56:16]} Qd7 {[%clk 0:57:31]} 17. g4 {[%clk 0:48:31]} Bxg4
{[%clk 0:46:52]} 18. hxg4 {[%clk 0:48:56]} Qxg4+ {[%clk 0:47:16]} 19. Kh1
{[%clk 0:48:47]} Qh3+ {[%clk 0:45:26]} 20. Nh2 {[%clk 0:47:49]} Nxd4
{[%clk 0:42:58]} 21. Qg4 {[%clk 0:45:54]} Qxg4 {[%clk 0:40:45]} 22. Nxg4
{[%clk 0:46:14]} Nf3 {[%clk 0:40:06]} 23. Nxf6+ {[%clk 0:45:57]} gxf6
{[%clk 0:40:27]} 24. Be2 {[%clk 0:45:11]} Ne5 {[%clk 0:34:24]} 25. Nb5
{[%clk 0:40:58]} Rac8 {[%clk 0:31:33]} 26. f4 {[%clk 0:24:37]} Nf5
{[%clk 0:28:14]} 27. Rg1+ {[%clk 0:21:02]} Ng6 {[%clk 0:28:35]} 28. Bg4
{[%clk 0:20:45]} Nxe3 {[%clk 0:24:29]} 29. Bxc8 {[%clk 0:21:03]} Rxc8
{[%clk 0:24:37]} 30. Nd4 {[%clk 0:20:40]} Kf8 {[%clk 0:24:17]} 31. Rce1
{[%clk 0:20:46]} Re8 {[%clk 0:24:10]} 32. Rg3 {[%clk 0:20:53]} Re4
{[%clk 0:24:34]} 33. Rgxe3 {[%clk 0:15:21]} Rxd4 {[%clk 0:24:52]} 34. Re8+
{[%clk 0:15:33]} Kg7 {[%clk 0:25:16]} 35. f5 {[%clk 0:15:00]} Ne5
{[%clk 0:24:24]} 36. Re7 {[%clk 0:14:03]} Rd2 {[%clk 0:23:33]} 37. Re3
{[%clk 0:08:24]} d4 {[%clk 0:19:42]} 38. Rg3+ {[%clk 0:07:49]} Kh6
{[%clk 0:19:23]} 39. Rxc7 {[%clk 0:03:40]} Kh5 {[%clk 0:17:49]} 40. Rxb7
{[%clk 0:03:21]} Kh4 {[%clk 0:18:12]} 41. Rg2 {[%clk 0:03:45]} Rd1+
{[%clk 0:18:03]} 42. Rg1 {[%clk 0:04:11]} Rd2 {[%clk 0:16:13]} 43. Rg2
{[%clk 0:04:35]} 1/2-1/2

[Event "PMPJ 2022 - C15"]
[Site "Jastrzebia Gora"]
[Date "2022.11.12"]
[Round "7.10"]
[White "Nagly, Wojciech"]
[Black "Grzebieniowski, Michal"]
[Result "1/2-1/2"]
[BlackElo "1665"]
[WhiteElo "1559"]
[LiveChessVersion "1.4.4"]

1. e4 {[%clk 1:30:51]} c6 {[%clk 1:30:57]} 2. d4 {[%clk 1:29:56]} d5
{[%clk 1:31:23]} 3. f3 {[%clk 1:29:35]} dxe4 {[%clk 1:31:27]} 4. fxe4
{[%clk 1:30:03]} e5 {[%clk 1:31:57]} 5. Nf3 {[%clk 1:30:10]} Be6 {[%clk 1:32:21]}
6. Nc3 {[%clk 1:29:11]} Bb4 {[%clk 1:31:38]} 7. Be2 {[%clk 1:28:10]} Nf6
{[%clk 1:30:04]} 8. Bg5 {[%clk 1:27:27]} Qa5 {[%clk 1:29:57]} 9. Bd2
{[%clk 1:26:28]} Qc7 {[%clk 1:28:11]} 10. d5 {[%clk 1:19:04]} Bc8
{[%clk 1:22:51]} 11. Bd3 {[%clk 1:14:53]} Nbd7 {[%clk 1:22:59]} 12. dxc6
{[%clk 1:09:21]} bxc6 {[%clk 1:23:23]} 13. a3 {[%clk 1:05:06]} Bc5
{[%clk 1:20:33]} 14. Qe2 {[%clk 1:03:43]} Rb8 {[%clk 1:19:15]} 15. Na4
{[%clk 0:50:17]} Be7 {[%clk 1:14:39]} 16. Bc3 {[%clk 0:50:03]} O-O
{[%clk 1:09:56]} 17. O-O {[%clk 0:48:15]} Bd6 {[%clk 1:09:24]} 18. b3
{[%clk 0:46:00]} Nb6 {[%clk 1:07:18]} 19. Nb2 {[%clk 0:44:57]} Nh5
{[%clk 1:03:54]} 20. Kh1 {[%clk 0:30:10]} Nf4 {[%clk 1:03:34]} 21. Qf2
{[%clk 0:30:08]} f5 {[%clk 1:00:39]} 22. a4 {[%clk 0:25:41]} fxe4
{[%clk 0:56:49]} 23. Bxe4 {[%clk 0:25:32]} Nbd5 {[%clk 0:56:58]} 24. Bd2
{[%clk 0:24:32]} Nf6 {[%clk 0:56:29]} 25. Rae1 {[%clk 0:23:28]} Ba6
{[%clk 0:56:28]} 26. Rg1 {[%clk 0:22:21]} Rbe8 {[%clk 0:49:03]} 27. Nd1
{[%clk 0:15:08]} Qd7 {[%clk 0:45:21]} 28. Nc3 {[%clk 0:13:59]} h6
{[%clk 0:45:18]} 29. Rd1 {[%clk 0:09:30]} N4d5 {[%clk 0:42:23]} 30. Bg6
{[%clk 0:07:54]} Re7 {[%clk 0:40:34]} 31. Ne4 {[%clk 0:06:54]} Nxe4
{[%clk 0:36:35]} 32. Bxe4 {[%clk 0:07:23]} Nf6 {[%clk 0:37:04]} 33. Rge1
{[%clk 0:06:44]} Qg4 {[%clk 0:34:33]} 34. Qh4 {[%clk 0:06:10]} Nxe4
{[%clk 0:31:24]} 35. Rxe4 Qg6 {[%clk 0:31:30]} 36. Bxh6 {[%clk 0:03:57]} Bc8
{[%clk 0:31:37]} 37. Bg5 {[%clk 0:04:09]} Ref7 {[%clk 0:31:35]} 38. Rg1
{[%clk 0:01:42]} Re8 {[%clk 0:26:50]} 39. Re2 {[%clk 0:00:44]} c5
{[%clk 0:23:53]} 40. Nd2 {[%clk 0:00:50]} Qxc2 {[%clk 0:19:36]} 41. Qh5
{[%clk 0:00:46]} Qd3 {[%clk 0:18:34]} 42. Nc4 {[%clk 0:01:00]} Bb8
{[%clk 0:14:31]} 43. Rf2 {[%clk 0:00:43]} Be6 {[%clk 0:14:10]} 44. Rf3
{[%clk 0:00:50]} Qd7 {[%clk 0:13:42]} 45. Rxf7 {[%clk 0:00:43]} Bxf7
{[%clk 0:14:10]} 46. Qd1 {[%clk 0:00:48]} Qf5 {[%clk 0:14:15]} 47. Be3
{[%clk 0:01:03]} e4 {[%clk 0:14:32]} 48. Rf1 {[%clk 0:01:17]} Qg6
{[%clk 0:13:39]} 49. Bxc5 {[%clk 0:01:25]} Qh6 {[%clk 0:13:20]} 50. Bg1
{[%clk 0:01:29]} e3 {[%clk 0:12:57]} 51. Qd7 {[%clk 0:01:15]} Bg6
{[%clk 0:12:42]} 52. Qd5+ {[%clk 0:00:47]} Kh7 {[%clk 0:12:55]} 53. Re1
{[%clk 0:00:34]} Bf4 {[%clk 0:12:19]} 54. Qf3 {[%clk 0:00:38]} Be4
{[%clk 0:11:21]} 55. Qg4 {[%clk 0:01:03]} Ba8 {[%clk 0:10:45]} 56. Qf5+
{[%clk 0:00:55]} Kh8 {[%clk 0:11:10]} 57. Qf7 {[%clk 0:01:06]} Bc6
{[%clk 0:08:09]} 58. Qf5 {[%clk 0:01:05]} Re6 {[%clk 0:07:58]} 59. Qf8+
{[%clk 0:01:12]} Kh7 {[%clk 0:08:25]} 60. Qf5+ {[%clk 0:01:41]} Rg6
{[%clk 0:08:54]} 61. Re2 {[%clk 0:02:01]} Kh8 {[%clk 0:07:18]} 62. Qf8+
{[%clk 0:02:21]} Kh7 {[%clk 0:07:36]} 63. Qf5 {[%clk 0:02:49]} Kg8
{[%clk 0:06:41]} 64. Qc8+ {[%clk 0:02:08]} Kh7 {[%clk 0:07:10]} 65. Qf5
{[%clk 0:02:36]} Kh8 {[%clk 0:05:07]} 66. Qf8+ {[%clk 0:01:22]} Kh7
{[%clk 0:05:36]} 67. Qf5 {[%clk 0:01:43]} Kg8 {[%clk 0:04:57]} 68. Qc8+
{[%clk 0:01:38]} Kf7 {[%clk 0:04:55]} 69. Qf5+ {[%clk 0:01:54]} Rf6
{[%clk 0:05:15]} 70. Ne5+ {[%clk 0:02:00]} Kg8 {[%clk 0:04:46]} 71. Qc8+
{[%clk 0:02:20]} Kh7 {[%clk 0:05:15]} 72. Ng4 {[%clk 0:02:26]} Qg5
{[%clk 0:05:23]} 73. Nxf6+ {[%clk 0:02:51]} Qxf6 {[%clk 0:05:51]} 74. Qh3+
{[%clk 0:03:10]} Kg8 {[%clk 0:06:03]} 75. Qg4 {[%clk 0:03:07]} Kh7
{[%clk 0:05:04]} 76. Rc2 {[%clk 0:02:11]} Bh6 {[%clk 0:04:51]} 77. h3
{[%clk 0:01:52]} Be8 {[%clk 0:04:31]} 78. Re2 {[%clk 0:01:46]} Qe5
{[%clk 0:04:40]} 79. Qf3 {[%clk 0:00:58]} Bh5 {[%clk 0:04:57]} 80. Rxe3
{[%clk 0:01:03]} Bxe3 {[%clk 0:04:36]} 81. Qxe3 {[%clk 0:01:27]} Qd5
{[%clk 0:04:54]} 82. b4 {[%clk 0:01:14]} a6 {[%clk 0:04:54]} 83. Qc5
{[%clk 0:01:12]} Qd1 {[%clk 0:05:06]} 84. Kh2 {[%clk 0:00:58]} Bg6
{[%clk 0:05:21]} 85. Qc6 {[%clk 0:01:00]} Qe2 {[%clk 0:05:35]} 86. Qf3
{[%clk 0:01:11]} Qc2 {[%clk 0:06:02]} 87. b5 {[%clk 0:01:01]} Qxa4
{[%clk 0:05:30]} 88. b6 {[%clk 0:01:27]} Be4 {[%clk 0:05:44]} 89. Qh5+
{[%clk 0:01:47]} Kg8 {[%clk 0:06:13]} 90. Qg4 {[%clk 0:01:21]} Qc6
{[%clk 0:06:29]} 91. h4 {[%clk 0:01:19]} a5 {[%clk 0:06:19]} 92. Qg3
{[%clk 0:01:21]} a4 {[%clk 0:06:27]} 93. Bd4 {[%clk 0:01:26]} Qd7
{[%clk 0:06:41]} 94. Qe5 {[%clk 0:01:23]} Qg4 {[%clk 0:06:35]} 95. Qg3
{[%clk 0:00:53]} Qd7 {[%clk 0:06:59]} 96. Bc5 {[%clk 0:01:10]} Qc6
{[%clk 0:07:00]} 97. Bd4 {[%clk 0:01:13]} Qd7 {[%clk 0:07:28]} 98. Ba1
{[%clk 0:01:21]} Kh7 {[%clk 0:07:00]} 99. Qf4 {[%clk 0:00:52]} Qe7
{[%clk 0:07:04]} 100. h5 {[%clk 0:00:54]} a3 {[%clk 0:07:21]} 101. g3
{[%clk 0:00:48]} Bb7 {[%clk 0:07:23]} 102. Qf5+ {[%clk 0:01:10]} Kg8
{[%clk 0:07:44]} 103. Qg4 {[%clk 0:01:24]} Qf7 {[%clk 0:07:31]} 104. Qe2
{[%clk 0:01:18]} Bf3 {[%clk 0:07:42]} 105. Qe5 {[%clk 0:01:27]} 1/2-1/2

[Event "PMPJ 2022 - C15"]
[Site "Jastrzebia Gora"]
[Date "2022.11.12"]
[Round "7.11"]
[White "Skrzypinski, Jan"]
[Black "Klisowski, Bartosz"]
[Result "1-0"]
[BlackElo "1634"]
[WhiteElo "1490"]
[LiveChessVersion "1.4.4"]

1. e4 {[%clk 1:30:55]} c6 {[%clk 1:30:48]} 2. d4 {[%clk 1:31:20]} d5
{[%clk 1:31:15]} 3. f3 {[%clk 1:31:46]} e6 {[%clk 1:31:29]} 4. Nc3
{[%clk 1:31:54]} Bb4 {[%clk 1:31:50]} 5. Bf4 {[%clk 1:31:56]} Nf6
{[%clk 1:31:51]} 6. Qd3 {[%clk 1:31:37]} b6 {[%clk 1:31:54]} 7. Nge2
{[%clk 1:31:17]} Ba6 {[%clk 1:31:41]} 8. Qe3 {[%clk 1:31:42]} Be7
{[%clk 1:31:54]} 9. Ng3 {[%clk 1:29:55]} Bxf1 {[%clk 1:27:29]} 10. Rxf1
{[%clk 1:30:17]} b5 {[%clk 1:22:38]} 11. Nce2 {[%clk 1:25:32]} Qa5+
{[%clk 1:14:06]} 12. c3 {[%clk 1:23:47]} b4 {[%clk 1:12:34]} 13. h3
{[%clk 1:23:55]} Na6 {[%clk 1:10:37]} 14. Kf2 {[%clk 1:24:14]} Rc8
{[%clk 1:07:39]} 15. a3 {[%clk 1:23:37]} bxa3 {[%clk 1:03:25]} 16. b4
{[%clk 1:24:02]} Qb6 {[%clk 0:56:00]} 17. Rxa3 {[%clk 1:23:58]} Nc7
{[%clk 0:56:19]} 18. Bxc7 {[%clk 1:23:37]} Qxc7 {[%clk 0:53:01]} 19. Rfa1
{[%clk 1:23:46]} Ra8 {[%clk 0:49:29]} 20. Qd2 {[%clk 1:22:55]} dxe4
{[%clk 0:45:21]} 21. fxe4 {[%clk 1:23:01]} h5 {[%clk 0:41:32]} 22. Qf4
{[%clk 1:22:03]} Qd7 {[%clk 0:25:53]} 23. Rxa7 {[%clk 1:22:07]} Rxa7
{[%clk 0:25:52]} 24. Qb8+ {[%clk 1:22:33]} Qd8 {[%clk 0:25:51]} 25. Qxd8+
{[%clk 1:22:53]} Bxd8 {[%clk 0:26:05]} 26. Rxa7 {[%clk 1:23:19]} h4
{[%clk 0:26:32]} 27. Nf1 {[%clk 1:23:17]} Nxe4+ {[%clk 0:26:54]} 28. Ke3
{[%clk 1:22:37]} Nd6 {[%clk 0:25:30]} 29. Ra6 {[%clk 1:18:48]} Kd7
{[%clk 0:25:27]} 30. Nh2 {[%clk 1:18:53]} f6 {[%clk 0:22:45]} 31. Ng4
{[%clk 1:16:23]} Rh5 {[%clk 0:22:17]} 32. Nf4 {[%clk 1:15:06]} Rg5
{[%clk 0:21:33]} 33. Ra7+ {[%clk 1:14:21]} Bc7 {[%clk 0:20:44]} 34. Rxc7+
{[%clk 1:14:46]} Kxc7 {[%clk 0:21:11]} 35. Nxe6+ {[%clk 1:15:12]} Kd7
{[%clk 0:21:25]} 36. Nxg5 {[%clk 1:15:37]} fxg5 {[%clk 0:21:52]} 37. Ne5+
{[%clk 1:15:43]} Kc7 {[%clk 0:22:14]} 38. Nf3 {[%clk 1:15:26]} Nf7
{[%clk 0:22:26]} 39. Ke4 {[%clk 1:15:47]} Kd6 {[%clk 0:21:12]} 40. Kf5
{[%clk 1:13:55]} Kd5 {[%clk 0:21:33]} 41. Nd2 {[%clk 1:12:27]} Nd6+
{[%clk 0:20:45]} 42. Kxg5 {[%clk 1:12:47]} Ne4+ {[%clk 0:21:07]} 43. Nxe4
{[%clk 1:13:13]} Kxe4 {[%clk 0:21:35]} 44. Kxh4 {[%clk 1:13:35]} Kd3
{[%clk 0:22:01]} 45. b5 {[%clk 1:13:55]} cxb5 {[%clk 0:22:26]} 46. d5
{[%clk 1:14:22]} Kxc3 {[%clk 0:22:49]} 47. d6 {[%clk 1:14:48]} b4
{[%clk 0:23:14]} 48. d7 {[%clk 1:15:09]} b3 {[%clk 0:23:42]} 49. d8=R
{[%clk 1:15:22]} b2 {[%clk 0:24:08]} 50. Rc8+ {[%clk 1:15:46]} Kd2
{[%clk 0:24:23]} 51. Rb8 {[%clk 1:16:13]} Kc1 {[%clk 0:24:49]} 52. Kg5
{[%clk 1:16:39]} b1=Q {[%clk 0:25:09]} 53. Rxb1+ {[%clk 1:17:04]} Kxb1
{[%clk 0:25:36]} 54. Kg6 {[%clk 1:17:29]} 1-0

[Event "PMPJ 2022 - C15"]
[Site "Jastrzebia Gora"]
[Date "2022.11.12"]
[Round "7.12"]
[White "Sniadecki, Oskar"]
[Black "Pieczulis, Hubert"]
[Result "1/2-1/2"]
[BlackElo "1412"]
[WhiteElo "1615"]
[LiveChessVersion "1.4.4"]

1. d4 {[%clk 1:30:58]} Nf6 {[%clk 1:30:42]} 2. Nf3 {[%clk 1:31:14]} e6
{[%clk 1:30:51]} 3. c4 {[%clk 1:31:28]} d5 {[%clk 1:30:55]} 4. Nc3
{[%clk 1:31:34]} Be7 {[%clk 1:30:56]} 5. Bf4 {[%clk 1:29:58]} O-O
{[%clk 1:30:17]} 6. e3 {[%clk 1:30:16]} b6 {[%clk 1:29:31]} 7. Rc1
{[%clk 1:30:30]} Bb7 {[%clk 1:26:47]} 8. a3 {[%clk 1:29:35]} a6 {[%clk 1:22:54]}
9. Be2 {[%clk 1:26:13]} Nbd7 {[%clk 1:22:08]} 10. h3 {[%clk 1:25:14]} c5
{[%clk 1:16:38]} 11. O-O {[%clk 1:25:09]} Rc8 {[%clk 1:13:50]} 12. dxc5
{[%clk 1:07:47]} Nxc5 {[%clk 1:12:55]} 13. cxd5 {[%clk 1:06:38]} exd5
{[%clk 1:12:39]} 14. b4 {[%clk 1:06:34]} Ne6 {[%clk 1:11:07]} 15. Be5
{[%clk 1:05:36]} b5 {[%clk 1:05:01]} 16. Qb3 {[%clk 1:04:29]} Ne4
{[%clk 1:00:14]} 17. Rfd1 {[%clk 1:00:59]} Nxc3 {[%clk 0:58:03]} 18. Rxc3
{[%clk 0:59:50]} Rxc3 {[%clk 0:56:08]} 19. Bxc3 {[%clk 1:00:06]} Qc7
{[%clk 0:53:49]} 20. Bb2 {[%clk 0:59:19]} Rc8 {[%clk 0:53:32]} 21. Rc1
{[%clk 0:55:04]} Qd8 {[%clk 0:53:30]} 22. Rxc8 {[%clk 0:54:50]} Qxc8
{[%clk 0:53:50]} 23. Nd4 {[%clk 0:54:26]} Nxd4 {[%clk 0:52:55]} 24. Bxd4
{[%clk 0:54:45]} Qc1+ {[%clk 0:53:12]} 25. Bf1 {[%clk 0:50:41]} h6
{[%clk 0:48:58]} 26. Qc3 {[%clk 0:51:02]} Qxc3 {[%clk 0:48:47]} 27. Bxc3
{[%clk 0:51:29]} f6 {[%clk 0:48:34]} 28. Be2 {[%clk 0:51:48]} Kf7
{[%clk 0:48:58]} 29. f4 {[%clk 0:51:55]} g6 {[%clk 0:48:02]} 30. Bd3
{[%clk 0:51:58]} f5 {[%clk 0:45:54]} 31. Kf2 {[%clk 0:51:43]} Bc8
{[%clk 0:45:02]} 1/2-1/2